000 00286nam a2200097Ia 4500
008 231221s9999 xx 000 0 und d
245 0 _aMichigan law review
260 _c1948
_bUniversity of Michigan Law School (United States)
500 _aGratis from NLSIU. Acc. No 8819
942 _cBD
999 _c238460
_d238460